Guess the bird by description - Statistics

General Stats
  • This quiz has been taken 14 times
  • The average score is 10 of 16
Answer Stats
Hint Answer % Correct
Wise Owl
100%
Clock Cuckoo
92%
Ponds Duck
92%
Delivers babies Stork
92%
Beach picnic Gull
85%
Mammary Gland Booby
69%
Hotel California Eagle
69%
Nevermore Raven
69%
Used in construction Crane
62%
Train tracks Rail
62%
Ancient flying toy Kite
46%
Gulp Swallow
46%
Answers the phone Secretarybird
31%
Ginger royal Harrier
23%
Quest for Amusement Lark
23%
Austin Powers Shag
15%
No matching quizzes found
Score Distribution
Percent of People with Each Score
Percentile by Number Answered
Your Score History
You have not taken this quiz